[Event "Titled Tuesday intern op 08th Mar Late"]
[Site "Chess.com INT"]
[Date "2022.03.08"]
[Round "9"]
[White "Martin Barcelo, Carles"]
[Black "Supatashvili, Khvicha"]
[Result "0-1"]
[WhiteElo "2221"]
[BlackElo "2463"]
[PlyCount "104"]
[EventDate "2022.03.08"]
[EventType "swiss (blitz)"]
[EventRounds "11"]
[EventCountry "USA"]
[SourceTitle "CBM 207 Extra"]
[Source "ChessBase"]
[SourceDate "2022.05.31"]
[SourceVersion "1"]
[SourceVersionDate "2022.05.31"]
[SourceQuality "1"]

1. e4 c6 2. d4 d5 3. exd5 cxd5 4. Bd3 Nf6 5. c3 Bg4 6. Qb3 Qc7 7. h3 Bh5 8. Ne2 Bg6 9. Bxg6 hxg6 10. Bf4 Qd7 11. Nd2 Nc6 12. Nf3 e6 13. 0-0 Ne4 14. Nd2 Nd6 15. Rfe1 Be7 16. Nf3 0-0 17. Rad1 Rac8 18. Nc1 f6 19. Nd3 b6 20. Re2 g5 21. Bh2 Na5 22. Qc2 Nac4 23. Rde1 Ne4 24. Rd1 Rfe8 25. Nfe1 Bf8 26. f3 Ned6 27. Qc1 Nf5 28. Nc2 a5 29. Rde1 b5 30. a3 Rc6 31. b4 axb4 32. axb4 Ra6 33. Nc5 Bxc5 34. bxc5 Ra2 35. Nb4 Rxe2 36. Rxe2 Na5 37. Ra2 Nc6 38. Nxc6 Qxc6 39. Qa3 e5 40. Qa6 Qxa6 41. Rxa6 exd4 42. cxd4 Nxd4 43. Rd6 Ne2+ 44. Kf2 Nc3 45. c6 Kf7 46. Rd7+ Ke6 47. Rxg7 Rc8 48. c7 b4 49. h4 b3 50. hxg5 b2 51. gxf6 b1Q 52. Re7+ Kxf6 0-1

[Event "Titled Tuesday intern op 08th Mar Late"]
[Site "Chess.com INT"]
[Date "2022.03.08"]
[Round "3"]
[White "Suarez Uriel, Adrian"]
[Black "Supatashvili, Khvicha"]
[Result "1-0"]
[WhiteElo "2359"]
[BlackElo "2463"]
[PlyCount "119"]
[EventDate "2022.03.08"]
[EventType "swiss (blitz)"]
[EventRounds "11"]
[EventCountry "USA"]
[SourceTitle "CBM 207 Extra"]
[Source "ChessBase"]
[SourceDate "2022.05.31"]
[SourceVersion "1"]
[SourceVersionDate "2022.05.31"]
[SourceQuality "1"]

1. e4 c6 2. Nf3 d5 3. d3 dxe4 4. dxe4 Qxd1+ 5. Kxd1 Bg4 6. Be2 Nd7 7. Ne1 Bxe2+ 8. Kxe2 g6 9. Nd3 Bg7 10. c3 Ngf6 11. f3 0-0-0 12. Be3 Nb6 13. Nd2 Nfd7 14. a4 a6 15. a5 Na8 16. Nc4 Nc7 17. Rhd1 Nb5 18. Bf4 Nc7 19. Bg3 f6 20. Rd2 e5 21. Nd6+ Kb8 22. Nf7 Ne6 23. Nxh8 Rxh8 24. Rad1 Kc8 25. b4 Bh6 26. Rc2 Bg5 27. Bf2 h5 28. c4 h4 29. b5 c5 30. bxa6 bxa6 31. Rb2 Kc7 32. Rdb1 Kc6 33. Rb6+ Nxb6 34. Rxb6+ Kd7 35. Nxc5+ Nxc5 36. Bxc5 Rc8 37. Be3 Rxc4 38. Bxg5 fxg5 39. Rxa6 Rc2+ 40. Kf1 Rc1+ 41. Ke2 Rc2+ 42. Ke3 Rxg2 43. Rxg6 Rxh2 44. Rxg5 Ke6 45. Rg6+ Kf7 46. Rh6 Ra2 47. a6 h3 48. Rh7+ Kg6 49. Rxh3 Rxa6 50. Kd3 Kg5 51. Ke3 Ra3+ 52. Kf2 Ra2+ 53. Kg3 Ra1 54. Rh8 Rg1+ 55. Kf2 Rb1 56. Rf8 Rb5 57. Rf5+ Kg6 58. Ke3 Rb3+ 59. Ke2 Rb5 60. Kd3 1-0

[Event "Titled Tuesday intern op 08th Mar Late"]
[Site "Chess.com INT"]
[Date "2022.03.08"]
[Round "10"]
[White "Supatashvili, Khvicha"]
[Black "Kopczynski, Michal"]
[Result "1/2-1/2"]
[WhiteElo "2463"]
[BlackElo "2225"]
[PlyCount "267"]
[EventDate "2022.03.08"]
[EventType "swiss (blitz)"]
[EventRounds "11"]
[EventCountry "USA"]
[SourceTitle "CBM 207 Extra"]
[Source "ChessBase"]
[SourceDate "2022.05.31"]
[SourceVersion "1"]
[SourceVersionDate "2022.05.31"]
[SourceQuality "1"]

1. e4 c5 2. Nf3 d6 3. Bb5+ Nc6 4. 0-0 g6 5. c3 Bg7 6. d4 cxd4 7. cxd4 Bd7 8. Nc3 Nf6 9. e5 dxe5 10. d5 Nd4 11. Nxd4 exd4 12. Qxd4 0-0 13. Rd1 Bg4 14. Be2 Bxe2 15. Nxe2 Qd7 16. Nc3 Rfd8 17. Bf4 Qf5 18. Be5 Rac8 19. h3 b5 20. a3 Rc4 21. Qe3 Ng4 22. hxg4 Qxe5 23. Qxe5 Bxe5 24. Nxb5 a6 25. Na7 Bxb2 26. Ra2 Rc1 27. Rxc1 Bxc1 28. Nc6 Rd7 29. a4 Kf8 30. Rc2 Bf4 31. Rc5 e6 32. g3 Bd6 33. Ra5 exd5 34. Rxd5 Ke8 35. Ra5 Rc7 36. Rxa6 Kd7 37. Nb8+ Ke6 38. Nc6 Kd5 39. Na7 Rc1+ 40. Kg2 Bc5 41. f4 Rc2+ 42. Kf1 Ra2 43. Nb5 Ra1+ 44. Ke2 Ke4 45. Nd6+ Kd5 46. Nxf7 Ke4 47. Re6+ Kd5 48. Re5+ Kd4 49. Ng5 Ra2+ 50. Kd1 Kd3 51. Rd5+ Bd4 52. Rxd4+ Kxd4 53. Nxh7 Kd3 54. Ke1 Ra1+ 55. Kf2 Rxa4 56. Kf3 Ra3 57. g5 Kd4+ 58. Kg4 Kd5 59. Nf8 Ra6 60. Nh7 Ke6 61. Nf6 Kf7 62. Ne4 Ra1 63. Nd6+ Kg7 64. Nc4 Rb1 65. Ne5 Ra1 66. Kf3 Ra3+ 67. Kg2 Ra1 68. Kh3 Ra2 69. Kg4 Ra1 70. Nf3 Ra2 71. Nd4 Ra1 72. Ne6+ Kf7 73. Nc5 Kg7 74. Ne4 Ra4 75. Nf6 Ra3 76. Kh4 Ra1 77. g4 Rh1+ 78. Kg3 Rg1+ 79. Kf3 Ra1 80. Nd5 Ra3+ 81. Ne3 Ra4 82. Nd5 Ra3+ 83. Ke4 Ra4+ 84. Ke5 Ra5 85. f5 gxf5 86. gxf5 Ra1 87. Nf6 Re1+ 88. Ne4 Rf1 89. g6 Re1 90. Kf4 Rf1+ 91. Kg5 Re1 92. f6+ Kf8 93. Nd6 Rg1+ 94. Kf5 Rf1+ 95. Ke5 Re1+ 96. Ne4 Kg8 97. Kf5 Rf1+ 98. Ke6 Re1 99. Ke5 Kf8 100. Kf5 Rf1+ 101. Kg5 Rg1+ 102. Kh6 Rh1+ 103. Kg5 Rg1+ 104. Kf5 Rf1+ 105. Ke5 Re1 106. g7+ Kf7 107. Kf5 Rf1+ 108. Ke5 Re1 109. Kd5 Rd1+ 110. Kc6 Re1 111. Nd6+ Kg8 112. Kd7 Rd1 113. Ke7 Re1+ 114. Kd7 Rd1 115. Ke6 Re1+ 116. Kf5 Rf1+ 117. Ke5 Re1+ 118. Kd5 Rf1 119. Ke6 Re1+ 120. Kf5 Rf1+ 121. Ke5 Re1+ 122. Ne4 Re2 123. Kf5 Re3 124. Ng5 Re1 125. Kg6 Rf1 126. Ne6 Rg1+ 127. Kf5 Rf1+ 128. Nf4 Rf2 129. Ke5 Rf1 130. Ne6 Re1+ 131. Kf5 Rf1+ 132. Nf4 Rf2 133. Kg5 Rf1 134. Kf5 1/2-1/2

[Event "Titled Tuesday intern op 08th Mar Late"]
[Site "Chess.com INT"]
[Date "2022.03.08"]
[Round "8"]
[White "Supatashvili, Khvicha"]
[Black "Petrova, Irina"]
[Result "1-0"]
[WhiteElo "2463"]
[BlackElo "2127"]
[PlyCount "67"]
[EventDate "2022.03.08"]
[EventType "swiss (blitz)"]
[EventRounds "11"]
[EventCountry "USA"]
[SourceTitle "CBM 207 Extra"]
[Source "ChessBase"]
[SourceDate "2022.05.31"]
[SourceVersion "1"]
[SourceVersionDate "2022.05.31"]
[SourceQuality "1"]

1. e4 d6 2. d4 Nf6 3. Bd3 e5 4. c3 d5 5. dxe5 Nxe4 6. Nf3 Nc6 7. Qe2 Nc5 8. Bb5 Bg4 9. Nbd2 Be7 10. h3 Bh5 11. g4 Bg6 12. Nd4 0-0 13. f4 Nxd4 14. cxd4 Be4 15. 0-0 Ne6 16. Qf2 c6 17. Be2 Bh4 18. Qe3 Qb6 19. Nb3 a5 20. a4 Bc2 21. Nc5 Nxc5 22. dxc5 Qb4 23. Bd2 Qe4 24. Qxe4 Bxe4 25. Be3 Be7 26. f5 f6 27. e6 Rfd8 28. Bd4 b6 29. Rfc1 bxc5 30. Bxc5 Bxc5+ 31. Rxc5 d4 32. Bc4 Kf8 33. Re1 Bf3 34. e7+ 1-0

[Event "Titled Tuesday intern op 11th Jan"]
[Site "Chess.com INT"]
[Date "2022.01.11"]
[Round "2"]
[White "Dilmukhametov, Artur"]
[Black "Supatashvili, Khvicha"]
[Result "0-1"]
[WhiteElo "2293"]
[BlackElo "2463"]
[PlyCount "136"]
[EventDate "2022.01.11"]
[EventType "swiss (blitz)"]
[EventRounds "11"]
[EventCountry "USA"]
[SourceTitle "CBM 206 Extra"]
[Source "ChessBase"]
[SourceDate "2022.03.31"]
[SourceVersion "1"]
[SourceVersionDate "2022.03.31"]
[SourceQuality "1"]

1. e4 c6 2. d4 d5 3. exd5 cxd5 4. c4 Nf6 5. Nc3 e6 6. Nf3 Bb4 7. cxd5 Nxd5 8. Qc2 Nc6 9. Bd3 Bd6 10. a3 h6 11. 0-0 0-0 12. Re1 Bd7 13. Qe2 Nce7 14. Ne5 Bxe5 15. dxe5 Nxc3 16. bxc3 Bc6 17. c4 Qd4 18. Bb2 Qh4 19. Rad1 Rfd8 20. Rd2 Qg5 21. f3 Ng6 22. Red1 Nf4 23. Qf1 Ba4 24. h4 Qxh4 25. Re1 Qg5 26. Bc1 Qg3 27. Be4 Rxd2 28. Bxd2 Nh3+ 29. Kh1 Nf2+ 30. Kg1 Nxe4 31. Rxe4 Rd8 32. Be1 Qg5 33. Qf2 Rd1 34. Kh1 Bc6 35. Re2 Qh5+ 36. Kg1 Qg6 37. Rd2 Qb1 38. Rxd1 Qxd1 39. Kh2 a6 40. Qd2 Qb3 41. Qb4 Qe3 42. Bg3 h5 43. c5 Qg5 44. Qf4 Qg6 45. Bh4 Bd5 46. Qd4 Qf5 47. Qa4 Qxe5+ 48. Bg3 Qf5 49. Qe8+ Kh7 50. Bd6 f6 51. Qf7 Qg6 52. Qxg6+ Kxg6 53. Kg3 e5 54. Kf2 Kf5 55. g3 g5 56. Ke3 h4 57. gxh4 gxh4 58. Kf2 Kf4 59. Be7 f5 60. Bxh4 Bxf3 61. Bg3+ Ke4 62. Bxe5 Kxe5 63. Kxf3 Kd5 64. Ke3 Kxc5 65. Kf4 Kc4 66. Kxf5 Kb3 67. Ke6 Kxa3 68. Ke5 b5 0-1

[Event "Titled Tuesday intern op 11th Jan"]
[Site "Chess.com INT"]
[Date "2022.01.11"]
[Round "1"]
[White "Supatashvili, Khvicha"]
[Black "Dolzhikova, Kateryna"]
[Result "1-0"]
[WhiteElo "2463"]
[BlackElo "2199"]
[PlyCount "99"]
[EventDate "2022.01.11"]
[EventType "swiss (blitz)"]
[EventRounds "11"]
[EventCountry "USA"]
[SourceTitle "CBM 206 Extra"]
[Source "ChessBase"]
[SourceDate "2022.03.31"]
[SourceVersion "1"]
[SourceVersionDate "2022.03.31"]
[SourceQuality "1"]

1. d4 Nf6 2. c4 e6 3. Nf3 d5 4. e3 Be7 5. Bd3 0-0 6. 0-0 c5 7. cxd5 Qxd5 8. Nc3 Qh5 9. Ne5 Qxd1 10. Rxd1 cxd4 11. exd4 Nbd7 12. Bg5 Nb6 13. a4 Nbd5 14. a5 h6 15. Bh4 Bb4 16. Nxd5 Nxd5 17. Be4 Bd6 18. Nc4 Bc7 19. Bg3 Bxg3 20. hxg3 Bd7 21. Bxd5 exd5 22. Ne3 Bc6 23. f3 a6 24. Rac1 Rfe8 25. Kf2 g6 26. Ng4 Kg7 27. Ne5 Re6 28. Rc5 f6 29. Nd3 Rae8 30. Nf4 Rd6 31. Re1 Rxe1 32. Kxe1 Kf7 33. g4 g5 34. Nh5 Re6+ 35. Kf2 Kg6 36. Ng3 Re7 37. Rc1 Rc7 38. b3 Rd7 39. Re1 Rc7 40. Re6 Bd7 41. Rd6 Bc6 42. Nh5 Rf7 43. b4 Rf8 44. Kg3 Rf7 45. Re6 Bd7 46. Rd6 Bc6 47. Rd8 Kh7 48. f4 gxf4+ 49. Kxf4 Bd7 50. Rxd7 1-0

[Event "Titled Tuesday intern op 11th Jan"]
[Site "Chess.com INT"]
[Date "2022.01.11"]
[Round "11"]
[White "Supatashvili, Khvicha"]
[Black "Maximov, Dmitry"]
[Result "1/2-1/2"]
[WhiteElo "2463"]
[BlackElo "2497"]
[PlyCount "88"]
[EventDate "2022.01.11"]
[EventType "swiss (blitz)"]
[EventRounds "11"]
[EventCountry "USA"]
[SourceTitle "CBM 206 Extra"]
[Source "ChessBase"]
[SourceDate "2022.03.31"]
[SourceVersion "1"]
[SourceVersionDate "2022.03.31"]
[SourceQuality "1"]

1. d4 Nf6 2. c4 g6 3. Nc3 Bg7 4. e4 0-0 5. Be2 d6 6. Be3 e5 7. d5 Nfd7 8. h4 f5 9. h5 f4 10. Bd2 Nf6 11. hxg6 hxg6 12. Nf3 Na6 13. Qc2 c6 14. a3 cxd5 15. cxd5 Bd7 16. b4 Rc8 17. Qb3 Qb6 18. Ng5 Nc5 19. Qd1 f3 20. gxf3 Na6 21. Be3 Qd8 22. Qd2 Nh5 23. Ne6 Bxe6 24. dxe6 Nc7 25. Bc4 Qe7 26. Rc1 Kh7 27. Nd5 Nxd5 28. exd5 Kg8 29. Bd3 Rxc1+ 30. Qxc1 Nf4 31. Bxf4 Rxf4 32. Bxg6 Qg5 33. Qc8+ Bf8 34. Be4 Qg2 35. Rh6 Rxe4+ 36. fxe4 Qxe4+ 37. Kf1 Qd3+ 38. Kg2 Qxd5+ 39. Kh2 Qf3 40. e7 Qxf2+ 41. Kh1 Qf1+ 42. Kh2 Qf2+ 43. Kh1 Qf1+ 44. Kh2 Qf2+ 1/2-1/2

[Event "Titled Tuesday intern op 04th Jan"]
[Site "Chess.com INT"]
[Date "2022.01.04"]
[Round "2"]
[White "Mirzanurov, Bulat"]
[Black "Supatashvili, Khvicha"]
[Result "0-1"]
[WhiteElo "2199"]
[BlackElo "2463"]
[PlyCount "74"]
[EventDate "2022.01.04"]
[EventType "swiss (blitz)"]
[EventRounds "11"]
[EventCountry "USA"]
[SourceTitle "EXT 2023"]
[Source "ChessBase"]
[SourceDate "2022.10.05"]
[SourceVersion "1"]
[SourceVersionDate "2022.10.05"]
[SourceQuality "1"]

1. e4 c6 2. d4 d5 3. exd5 cxd5 4. Bd3 Nf6 5. h3 Nc6 6. c3 Qc7 7. Nf3 g6 8. Qc2 Bg7 9. 0-0 0-0 10. Re1 b6 11. Nbd2 Bb7 12. Ne5 Nxe5 13. dxe5 Nd7 14. e6 fxe6 15. Rxe6 Nc5 16. Re1 e5 17. c4 e4 18. Bf1 d4 19. b4 d3 20. Qb1 Bd4 21. bxc5 Bxf2+ 22. Kh1 Bxe1 23. Ba3 Bxd2 24. cxb6 Qxb6 25. Bxf8 Rxf8 26. Qd1 Qf2 27. Rb1 Be3 28. Bxd3 exd3 29. Rxb7 Qf1+ 30. Qxf1 Rxf1+ 31. Kh2 d2 32. Rb8+ Kg7 33. Rb7+ Kh6 34. Rf7 Rxf7 35. Kh1 d1Q+ 36. Kh2 Qe1 37. h4 Qxh4# 0-1

[Event "Titled Tuesday intern op 04th Jan"]
[Site "Chess.com INT"]
[Date "2022.01.04"]
[Round "6"]
[White "Supatashvili, Khvicha"]
[Black "Kanakaris, Georgios"]
[Result "0-1"]
[WhiteElo "2463"]
[BlackElo "2382"]
[PlyCount "72"]
[EventDate "2022.01.04"]
[EventType "swiss (blitz)"]
[EventRounds "11"]
[EventCountry "USA"]
[SourceTitle "EXT 2023"]
[Source "ChessBase"]
[SourceDate "2022.10.05"]
[SourceVersion "1"]
[SourceVersionDate "2022.10.05"]
[SourceQuality "1"]

1. e4 e6 2. d4 d5 3. Nc3 Bb4 4. exd5 exd5 5. Bd3 Ne7 6. Nf3 Nbc6 7. a3 Bxc3+ 8. bxc3 Bf5 9. 0-0 0-0 10. Re1 Qd7 11. a4 Rfe8 12. a5 Bxd3 13. cxd3 b6 14. a6 Ng6 15. Be3 Na5 16. Nd2 Qb5 17. Qc2 Nh4 18. c4 dxc4 19. dxc4 Qxa6 20. g3 Ng6 21. h4 Qb7 22. h5 Nf8 23. h6 g6 24. d5 Nd7 25. Bd4 c6 26. Rxe8+ Rxe8 27. Ne4 Qc7 28. d6 Qd8 29. Bb2 Re6 30. c5 Qf8 31. Bg7 Qe8 32. cxb6 axb6 33. f3 c5 34. g4 c4 35. Bc3 f5 36. Ng5 Re2 0-1

[Event "Titled Tuesday intern op 04th Jan"]
[Site "Chess.com INT"]
[Date "2022.01.04"]
[Round "1"]
[White "Supatashvili, Khvicha"]
[Black "Olcayoz, Alper"]
[Result "1/2-1/2"]
[WhiteElo "2463"]
[BlackElo "2244"]
[PlyCount "115"]
[EventDate "2022.01.04"]
[EventType "swiss (blitz)"]
[EventRounds "11"]
[EventCountry "USA"]
[SourceTitle "EXT 2023"]
[Source "ChessBase"]
[SourceDate "2022.10.05"]
[SourceVersion "1"]
[SourceVersionDate "2022.10.05"]
[SourceQuality "1"]

1. d4 Nf6 2. c4 e5 3. dxe5 Ne4 4. Nf3 d6 5. Nbd2 Nc5 6. b4 Nca6 7. exd6 Nxb4 8. Bb2 Qxd6 9. e4 Nd3+ 10. Bxd3 Qxd3 11. Ne5 Qd8 12. 0-0 Bd6 13. c5 Bxe5 14. Bxe5 Nc6 15. Bg3 0-0 16. Nb3 Qe7 17. f3 Be6 18. Qc2 Rfd8 19. Rfd1 a5 20. Bf2 a4 21. Nd4 Nxd4 22. Rxd4 Rxd4 23. Bxd4 Qd7 24. Qc3 f6 25. a3 Rd8 26. Rd1 Qb5 27. h4 Qb3 28. Rd2 Qxc3 29. Bxc3 Rxd2 30. Bxd2 Kf7 31. Ba5 c6 32. Kf2 Bb3 33. Ke3 g6 34. g4 Ke6 35. Kf4 h6 36. g5 fxg5+ 37. hxg5 h5 38. Be1 Bc2 39. Ke3 Bb3 40. f4 Bc2 41. Kd4 Bb1 42. Bh4 Bc2 43. Bg3 Bb1 44. Be1 Bc2 45. Ke3 Bb1 46. Bg3 Bc2 47. Bh4 Bb1 48. Bf2 Bc2 49. Be1 Bb1 50. Bg3 Ba2 51. Bh4 Bb1 52. Be1 Ba2 53. Bf2 Bb1 54. Bh4 Bc2 55. Bg3 Bb1 56. Bh4 Bc2 57. Bf2 Bb1 58. Bg3 1/2-1/2

[Event "Titled Tuesday intern op 04th Jan"]
[Site "Chess.com INT"]
[Date "2022.01.04"]
[Round "8"]
[White "Supatashvili, Khvicha"]
[Black "Pires, Marcos Vinicius Tor"]
[Result "1-0"]
[WhiteElo "2463"]
[BlackElo "2302"]
[PlyCount "43"]
[EventDate "2022.01.04"]
[EventType "swiss (blitz)"]
[EventRounds "11"]
[EventCountry "USA"]
[SourceTitle "EXT 2023"]
[Source "ChessBase"]
[SourceDate "2022.10.05"]
[SourceVersion "1"]
[SourceVersionDate "2022.10.05"]
[SourceQuality "1"]

1. e4 c6 2. d4 d5 3. exd5 cxd5 4. Bd3 Nc6 5. c3 Qc7 6. Ne2 Bg4 7. 0-0 e6 8. Qe1 Bxe2 9. Qxe2 Nf6 10. Nd2 Bd6 11. g3 0-0 12. Nf3 a6 13. Bg5 Ne7 14. Rfe1 Ng6 15. Qf1 b5 16. a3 Rab8 17. h4 Rb7 18. Qh3 a5 19. h5 Ne7 20. h6 Ng6 21. hxg7 Kxg7 22. Qh6+ 1-0

[Event "Titled Tuesday intern op 14th Dec"]
[Site "Chess.com INT"]
[Date "2021.12.14"]
[Round "7"]
[White "Le Goff, Ronan"]
[Black "Supatashvili, Khvicha"]
[Result "1/2-1/2"]
[WhiteElo "2280"]
[BlackElo "2463"]
[PlyCount "189"]
[EventDate "2021.12.14"]
[EventType "swiss (blitz)"]
[EventRounds "11"]
[EventCountry "USA"]
[SourceTitle "EXT 2023"]
[Source "ChessBase"]
[SourceDate "2022.10.05"]
[SourceVersion "1"]
[SourceVersionDate "2022.10.05"]
[SourceQuality "1"]

1. d4 Nf6 2. Nf3 d5 3. c4 e6 4. Nc3 Bb4 5. Bg5 h6 6. Bxf6 Qxf6 7. e3 0-0 8. Rc1 dxc4 9. Bxc4 c5 10. 0-0 cxd4 11. Ne4 Qe7 12. a3 Ba5 13. Qxd4 Rd8 14. Qc5 Qxc5 15. Nxc5 Nd7 16. Nxd7 Bxd7 17. Ne5 Ba4 18. b3 Be8 19. Rfd1 Bd2 20. Rb1 Bc3 21. Nf3 b5 22. Be2 a5 23. Nd4 b4 24. a4 Bxd4 25. exd4 Rd6 26. Rbc1 Bc6 27. Rxc6 Rxc6 28. Bf3 Rac8 29. Bxc6 Rxc6 30. g3 Kf8 31. d5 Rd6 32. Rc1 Rxd5 33. Rc7 g5 34. Kg2 Kg7 35. Ra7 Kg6 36. Kf3 Rd3+ 37. Kg2 Rxb3 38. Rxa5 Ra3 39. Ra7 e5 40. a5 e4 41. Rb7 Rxa5 42. Rxb4 f5 43. Rb6+ Kg7 44. Rb7+ Kg6 45. Rb6+ Kh5 46. Rf6 g4 47. h4 gxh3+ 48. Kxh3 Kg5 49. Re6 Ra2 50. Kg2 h5 51. Re8 Kf6 52. Kg1 Re2 53. Rh8 Kg5 54. Rg8+ Kh6 55. Rh8+ Kg6 56. Rg8+ Kf6 57. Rh8 Kg6 58. Rg8+ Kf7 59. Rh8 Ke6 60. Rxh5 Ra2 61. Rh8 Ke5 62. Re8+ Kd4 63. Rd8+ Ke5 64. Re8+ Kf6 65. Rf8+ Kg5 66. Re8 Kg4 67. Kg2 Rb2 68. Rg8+ Kh5 69. Re8 Kg5 70. Rg8+ Kf6 71. Rf8+ Ke6 72. Re8+ Kf7 73. Re5 Kf6 74. Re8 Ra2 75. Kg1 Kg6 76. Kg2 Kg5 77. Rg8+ Kf6 78. Rf8+ Ke6 79. Re8+ Kf7 80. Re5 Kg6 81. Re8 Kf6 82. Kg1 Kg5 83. Kg2 Kg6 84. Kg1 Rb2 85. Kg2 Rc2 86. Kg1 Rc1+ 87. Kg2 Rc3 88. Re7 Kg5 89. Re8 Rc2 90. Re7 Kf6 91. Re8 Kf7 92. Re5 Kf6 93. Re8 Kf7 94. Re5 Kf6 95. Re8 1/2-1/2

[Event "Titled Tuesday intern op 14th Dec"]
[Site "Chess.com INT"]
[Date "2021.12.14"]
[Round "9"]
[White "Lewicki, Miroslaw"]
[Black "Supatashvili, Khvicha"]
[Result "0-1"]
[WhiteElo "2340"]
[BlackElo "2463"]
[PlyCount "46"]
[EventDate "2021.12.14"]
[EventType "swiss (blitz)"]
[EventRounds "11"]
[EventCountry "USA"]
[SourceTitle "EXT 2023"]
[Source "ChessBase"]
[SourceDate "2022.10.05"]
[SourceVersion "1"]
[SourceVersionDate "2022.10.05"]
[SourceQuality "1"]

1. g3 d5 2. Bg2 Bg4 3. Nf3 e6 4. 0-0 c6 5. b3 Bd6 6. Bb2 Nf6 7. d3 0-0 8. Nbd2 Nbd7 9. e4 e5 10. h3 Bh5 11. g4 Bg6 12. Nh4 dxe4 13. dxe4 Nc5 14. Nf5 Bxf5 15. exf5 Re8 16. Re1 Nd5 17. Nc4 Bc7 18. Nxe5 Qd6 19. Qd4 f6 20. Bxd5+ cxd5 21. Nf3 Ne4 22. Rad1 Bb6 23. Qxe4 Qg3+ 0-1

[Event "Titled Tuesday intern op 14th Dec"]
[Site "Chess.com INT"]
[Date "2021.12.14"]
[Round "5"]
[White "Supatashvili, Khvicha"]
[Black "Degtiarev, Evgeny"]
[Result "1-0"]
[WhiteElo "2463"]
[BlackElo "2380"]
[PlyCount "105"]
[EventDate "2021.12.14"]
[EventType "swiss (blitz)"]
[EventRounds "11"]
[EventCountry "USA"]
[SourceTitle "EXT 2023"]
[Source "ChessBase"]
[SourceDate "2022.10.05"]
[SourceVersion "1"]
[SourceVersionDate "2022.10.05"]
[SourceQuality "1"]

1. d4 d5 2. c4 c6 3. cxd5 cxd5 4. Bf4 Nf6 5. e3 Nc6 6. Nc3 a6 7. Qb3 Na5 8. Qc2 g6 9. Bd3 Bg7 10. Nf3 0-0 11. 0-0 b5 12. h3 Bb7 13. Rfc1 Rc8 14. Qe2 Nc4 15. b3 Nd6 16. a4 b4 17. Nd1 a5 18. Ba6 Qb6 19. Bxb7 Qxb7 20. Bxd6 exd6 21. Nb2 Ne4 22. Nd2 Rc3 23. Nxe4 dxe4 24. Nc4 d5 25. Rxc3 bxc3 26. Nxa5 Qb4 27. Qb5 Qxb5 28. axb5 Rb8 29. Nc6 Rxb5 30. b4 Bf8 31. Rc1 Rb6 32. Rxc3 Bxb4 33. Nxb4 Rxb4 34. Rc5 Rb1+ 35. Kh2 f5 36. Rxd5 Rb7 37. Kg3 Kg7 38. f3 Re7 39. Kf4 exf3 40. gxf3 h6 41. h4 Re6 42. e4 Kf6 43. e5+ Ke7 44. Ra5 Rb6 45. d5 Rb4+ 46. Ke3 g5 47. hxg5 hxg5 48. Ra7+ Ke8 49. e6 g4 50. fxg4 fxg4 51. d6 Rb8 52. Rh7 Kf8 53. Rh8+ 1-0

[Event "Titled Tuesday intern op 14th Dec"]
[Site "Chess.com INT"]
[Date "2021.12.14"]
[Round "4"]
[White "Taichman, Ori"]
[Black "Supatashvili, Khvicha"]
[Result "0-1"]
[WhiteElo "2293"]
[BlackElo "2463"]
[PlyCount "122"]
[EventDate "2021.12.14"]
[EventType "swiss (blitz)"]
[EventRounds "11"]
[EventCountry "USA"]
[SourceTitle "EXT 2023"]
[Source "ChessBase"]
[SourceDate "2022.10.05"]
[SourceVersion "1"]
[SourceVersionDate "2022.10.05"]
[SourceQuality "1"]

1. e4 c6 2. d4 d5 3. e5 Bf5 4. h4 h5 5. Bd3 Qd7 6. Nf3 Bxd3 7. Qxd3 Qg4 8. Qb3 Qd7 9. Be3 e6 10. Nbd2 Ne7 11. a4 Nf5 12. a5 Na6 13. c4 dxc4 14. Nxc4 Bb4+ 15. Ke2 Be7 16. Rhd1 0-0 17. Bg5 Rfd8 18. Qc3 Nb4 19. Bxe7 Nd5 20. Qd2 Qxe7 21. Qg5 Qxg5 22. hxg5 g6 23. g3 Kf8 24. Ra3 b5 25. Ne3 Ndxe3 26. Rxe3 Nxe3 27. fxe3 c5 28. dxc5 Rxd1 29. Kxd1 b4 30. Nd4 Rd8 31. c6 Rd5 32. a6 Rxe5 33. c7 Rc5 34. Nb5 Ke7 35. Nxa7 Rxc7 36. Nb5 Rc6 37. a7 Ra6 38. Kc2 f6 39. gxf6+ Kxf6 40. Kb3 g5 41. Kxb4 h4 42. gxh4 gxh4 43. Nc3 Rxa7 44. Ne4+ Ke5 45. Nf2 Rf7 46. Ng4+ Ke4 47. Kc5 h3 48. b4 Kf5 49. Nh2 Rc7+ 50. Kd6 Rc2 51. Nf3 h2 52. Nd4+ Kf6 53. Nxc2 h1Q 54. Kc5 Qc1 55. b5 Qxc2+ 56. Kb6 Qb3 57. Kc6 Qxe3 58. b6 Qc3+ 59. Kd7 Qb4 60. Kc7 e5 61. b7 e4 0-1

[Event "Titled Tuesday intern op 11th Aug"]
[Site "Chess.com INT"]
[Date "2020.08.11"]
[Round "5"]
[White "Supatashvili, Khvicha"]
[Black "Vlassov, Nikolai"]
[Result "1-0"]
[WhiteElo "2456"]
[BlackElo "2352"]
[PlyCount "65"]
[EventDate "2020.08.11"]
[EventType "swiss (blitz)"]
[EventRounds "10"]
[EventCountry "USA"]
[SourceTitle "CBM 197 Extra"]
[Source "ChessBase"]
[SourceDate "2020.09.30"]
[SourceVersion "1"]
[SourceVersionDate "2020.09.30"]
[SourceQuality "1"]

1. d4 Nf6 2. Nf3 e6 3. c4 Nc6 4. a3 g6 5. Nc3 Bg7 6. d5 Ne7 7. e4 d6 8. Bd3 e5 9. h3 0-0 10. Be3 Nh5 11. 0-0 Nf4 12. Bc2 f5 13. Bxf4 exf4 14. Re1 h6 15. e5 dxe5 16. Nxe5 a6 17. c5 g5 18. d6 cxd6 19. cxd6 Nc6 20. Qd5+ Kh7 21. Nxc6 bxc6 22. Qxc6 Rb8 23. Re7 Rxb2 24. Na4 Rxc2 25. Qxc2 Qxd6 26. Rae1 Qxa3 27. Nb6 f3 28. Nxc8 fxg2 29. Kxg2 Kh8 30. Re8 Kh7 31. Rxf8 Qxf8 32. Ne7 Qa8+ 33. Kg1 1-0

[Event "Titled Tuesday intern op 11th Aug"]
[Site "Chess.com INT"]
[Date "2020.08.11"]
[Round "2"]
[White "Supatashvili, Khvicha"]
[Black "Zhukova, Natalia"]
[Result "1-0"]
[WhiteElo "2456"]
[BlackElo "2328"]
[PlyCount "59"]
[EventDate "2020.08.11"]
[EventType "swiss (blitz)"]
[EventRounds "10"]
[EventCountry "USA"]
[SourceTitle "CBM 197 Extra"]
[Source "ChessBase"]
[SourceDate "2020.09.30"]
[SourceVersion "1"]
[SourceVersionDate "2020.09.30"]
[SourceQuality "1"]

1. d4 Nf6 2. Nf3 e6 3. c4 d5 4. Nc3 c5 5. e3 a6 6. cxd5 exd5 7. Be2 Nc6 8. 0-0 Bd6 9. b3 cxd4 10. Nxd4 Nxd4 11. Qxd4 Qc7 12. Bb2 Bxh2+ 13. Kh1 Be5 14. Nxd5 Nxd5 15. Qxe5+ Qxe5 16. Bxe5 f6 17. Bd4 Be6 18. Rac1 0-0 19. Bf3 Rac8 20. Rfd1 Kf7 21. Kg1 Rfd8 22. Bb2 Rxc1 23. Rxc1 Rd7 24. a3 b5 25. Bd4 Ke7 26. b4 Rc7 27. Bc5+ Kd7 28. Rd1 Kc6 29. e4 Nc3 30. Rd6+ 1-0